Mechanics of materials (Record no. 6027)

000 -LEADER
fixed length control field 00600nam a2200229 i 4500
001 - CONTROL NUMBER
control field 6027
003 - CONTROL NUMBER IDENTIFIER
control field BD-DhUET
008 - FIXED-LENGTH DATA ELEMENTS--GENERAL INFORMATION
fixed length control field 770505s1978 nyua 001 0 eng
040 ## - CATALOGING SOURCE
Original cataloging agency DLC
Transcribing agency DLC
Modifying agency BD-DhUET
082 00 - DEWEY DECIMAL CLASSIFICATION NUMBER
Classification number 620.11
Item number HIG/1978
100 ## - MAIN ENTRY--PERSONAL NAME
Personal name Higdon, Archie
245 00 - TITLE STATEMENT
Title Mechanics of materials
250 ## - EDITION STATEMENT
Edition statement 3rd ed.
260 ## - PUBLICATION, DISTRIBUTION, ETC. (IMPRINT)
Place of publication, distribution, etc. New York
Name of publisher, distributor, etc. John Wiley and Sons
Date of publication, distribution, etc. 1978
300 ## - PHYSICAL DESCRIPTION
Extent xiv, 752 p.
Other physical details ill.
Dimensions 24 cm.
504 ## - BIBLIOGRAPHY, ETC. NOTE
Bibliography, etc Includes bibliographies
650 #0 - SUBJECT ADDED ENTRY--TOPICAL TERM
Topical term or geographic name as entry element Strength of materials
700 ## - ADDED ENTRY--PERSONAL NAME
Personal name Ohlsen, Wdward H.
700 ## - ADDED ENTRY--PERSONAL NAME
Personal name Stiles , William B.
700 ## - ADDED ENTRY--PERSONAL NAME
Personal name Weese, John A.
942 ## - ADDED ENTRY ELEMENTS (KOHA)
Koha item type General Book
Holdings
Piece designation (barcode) Copy number Price effective from Koha collection Lost status Koha date last borrowed Koha full call number Damaged status Withdrawn status Source of classification or shelving scheme Koha item type Koha date last seen Sublocation or collection (holding branch) Shelving location Date acquired Koha renewals Koha issues (times borrowed) Koha normalized classification for sorting Not for loan Location (home branch)
6173172014-11-29   620.11/HIG/1978   General Book2014-11-29Central Library, BUETCirculation section2014-11-29  620_110000000000000_HIG_1978 Central Library, BUET
6172522014-12-02   620.11/HIG/1978   General Book2014-12-02Central Library, BUETCirculation section2014-12-02  620_110000000000000_HIG_1978 Central Library, BUET
6173332014-12-02   620.11/HIG/1978   General Book2014-12-02Central Library, BUETCirculation section2014-12-02  620_110000000000000_HIG_1978 Central Library, BUET
6172742014-12-02  2019-02-27620.11/HIG/1978   General Book2024-02-13Central Library, BUETCirculation section2014-12-0211620_000000000000000_11HIG1978 Central Library, BUET
6172652014-12-02   620.11/HIG/1978   General Book2014-12-02Central Library, BUETCirculation section2014-12-02  620_110000000000000_HIG_1978 Central Library, BUET
6172862014-12-02   620.11/HIG/1978   General Book2014-12-02Central Library, BUETCirculation section2014-12-02  620_000000000000000_11HIG1978 Central Library, BUET
6173012014-12-02   620.11/HIG/1978   General Book2014-12-02Central Library, BUETCirculation section2014-12-02  620_000000000000000_11HIG1978 Central Library, BUET
6173282014-12-02   620.11/HIG/1978   General Book2014-12-02Central Library, BUETCirculation section2014-12-02  620_000000000000000_11HIG1978 Central Library, BUET
6172992015-01-10   620.11/HIG/1978   General Book2015-01-10Central Library, BUETCirculation section2015-01-10  620_110000000000000_HIG_1978 Central Library, BUET
61734102015-01-28Non Fiction  620.11/HIG/1978   General Book2015-01-28Central Library, BUETCirculation section2015-01-28  620_110000000000000_HIG_1978 Central Library, BUET